| 000 | 00522nam a22001937a 4500 | ||
|---|---|---|---|
| 003 | PILC | ||
| 005 | 20151012112536.0 | ||
| 008 | 130205t xxu||||| |||| 00| 0 eng d | ||
| 020 | _a9812448500 | ||
| 050 |
_aPE 1112 _b.F722 2010 |
||
| 082 |
_aM 415 _bP327 2010 |
||
| 245 |
_aPrentice Hall grammar and composition 4 / _cGary Forlini. |
||
| 260 |
_aEnglewood cliffs, N.J. : _bPrentice-Hall, _c2010. |
||
| 300 |
_a912 pages ; _c22 cm. |
||
| 526 | _c1210L-1700L | ||
| 562 | _e1 | ||
| 942 |
_2lcc _cBK _kFOR |
||
| 999 |
_c15831 _d15831 |
||